Which African City is Largest? Sudden Death - Statistics

General Stats
  • This quiz has been taken 118 times
  • The average score is 6 of 10
Answers on the Grid
Answers color-coded by a green-red scale on the quiz's grid according to % correct below.
Kampala
Ibadan
Cairo
Pretoria
Cape Town
Bloemfontein
Tunis
Lagos
Tripoli
Abidjan
Accra
Benin City
Abuja
Antananarivo
Addis Ababa
Dar es Salaam
Lusaka
Lubumbashi
Bangui
Mogadishu
Zanzibar
Asmara
Port Victoria
Ouagadougou
Yaoundé
Fez
Tangier
Benghazi
Dakar
Libreville
 
Answer Stats
Answer % Correct
Cairo
97%
Lagos
91%
Cape Town
85%
Abidjan
50%
Addis Ababa
50%
Dar es Salaam
50%
Dakar
43%
Mogadishu
37%
Yaoundé
35%
Ouagadougou
31%
No matching quizzes found
Score Distribution
Percent of People with Each Score
Percentile by Number Answered
Your Score History
You have not taken this quiz